Two-Border Countries Quiz Stats

 Plays Quiz Updated Jul 2, 2018

Also try: 2 Border Countries
Challenge
Share
Tweet
Embed
Score 0/21 Timer 02:00
2 Plays Today
% Correct
United States of America
89.3%
Andorra
82%
Sweden
79.1%
Liechtenstein
70.3%
Mongolia
70%
Costa Rica
70%
Nepal
67.6%
Belize
67.6%
Kuwait
65.8%
El Salvador
61.5%
Uruguay
57.4%
% Correct
Tunisia
56.4%
Ecuador
55.1%
eSwatini
53.5%
Bangladesh
52.7%
Moldova
52.4%
United Arab Emirates
51.3%
Nicaragua
51.2%
Equatorial Guinea
48%
Guinea-Bissau
43.6%
Sierra Leone
33.3%

You're not logged in!

Compare scores with friends on all Sporcle quizzes.
OR
Log In

You Might Also Like...

Show Comments

Extras

Top Quizzes Today


Score Distribution

Your Account Isn't Verified!

In order to create a playlist on Sporcle, you need to verify the email address you used during registration. Go to your Sporcle Settings to finish the process.

Report this User

Report this user for behavior that violates our Community Guidelines.

Details: